01835nam a22003614a 4500001001200000003000800012006001900020007001500039008004100054010001700095016002000112020004300132020003500175020001600210040002100226035002100247043001200268050002300280082001700303100003100320245011200351260005600463300001900519504006600538505040300604533015201007650005601159650006901215655002901284710001701313856012601330999001701456ebr10372254CaPaEBRm u cr cn|||||||||080627s2009 mdua sb 001 0 eng  z 20080287287 z1014776622DNLM z9780801892455 (hardcover : alk. paper) z0801892457 (pbk. : alk. paper) z40016778119 aCaPaEBRcCaPaEBR a(OCoLC)593325455 an-us---14aQP263b.F74 2009eb04a612.6/622221 aFreidenfelds, Lara,d1972-14aThe modern periodh[electronic resource] :bmenstruation in twentieth-century America /cLara Freidenfelds. aBaltimore :bJohns Hopkins University Press,c2009. a242 p. :bill. aIncludes bibliographical references (p. [211]-235) and index.0 aBefore "modern" menstrual management : keeping secrets, wearing diapers, avoiding chills -- The modern way to talk about menstruation : education, the scientific narrative, and public discussion -- The modern way to behave while menstruating : changing health beliefs and practices -- The modern way to manage menstruation : technology and bodily practices -- Tampons : a case study in controversy. aElectronic reproduction.bPalo Alto, Calif. :cebrary,d2013.nAvailable via World Wide Web.nAccess may be limited to ebrary affiliated libraries. 0aMenstruationzUnited StatesxHistoryy20th century. 0aFeminine hygiene productszUnited StatesxHistoryy20th century. 7aElectronic books.2local2 aebrary, Inc.40uhttp://site.ebrary.com/lib/rucke/Doc?id=10372254zAn electronic book accessible through the World Wide Web; click to view c98664d98664